Guess the Movie from the Cast #3 - Statistics

General Stats
  • This quiz has been taken 261 times
  • The average score is 6 of 10
Answer Stats
Hint Answer % Correct
Sam Worthington / Zoe Saldana / Stephen Lang / Sigourney Weaver Avatar
78%
Russell Crowe / Joaquin Phoenix / Connie Nielsen / Oliver Reed Gladiator
78%
Tom Cruise / Kelly McGillis / Val Kilmer / Anthony Edwards Top Gun
78%
Jamie Foxx / Christoph Waltz / Leonardo DiCaprio / Kerry Washington Django Unchained
75%
Jack Nicholson / Shelley Duvall / Danny Lloyd / Scatman Crothers The Shining
72%
Daniel Craig / Javier Bardem / Judi Dench / Bérénice Marlohe Skyfall
64%
Ian McKellen / Martin Freeman / Richard Armitage / Ken Stott The Hobbit
55%
(a) Scott Weinger / Robin Williams / Linda Larkin / Jonathan Freeman Aladdin
41%
Dee Wallace / Henry Thomas / Peter Coyote / Drew Barrymore E.T. the Extra-Terrestrial
38%
Henry Fonda / Lee J. Cobb / Ed Begley / E. G. Marshall 12 Angry Men
32%
No matching quizzes found
Score Distribution
Percent of People with Each Score
Percentile by Number Answered
Your Score History
You have not taken this quiz